[Event "Sparkassen-Open A"]
[Site "Heusenstamm, Martinsee"]
[Date "2025.11.20"]
[Round "1.100"]
[White "Zekovic, Alija"]
[Black "Rüll, Michael"]
[Result "1/2-1/2"]
[WhiteElo "2008"]
[BlackElo "1785"]
[PlyCount "84"]
[EventDate "2025.11.20"]
[WhiteTeam "Dietzenbach"]
[BlackTeam "SC 1952 Obertshausen"]

1. e4 c5 2. Bc4 Nc6 3. Nf3 d6 4. h3 g6 5. d3 Bg7 6. c3 Nf6 7. Bg5 h6 8. Be3 O-O 9. O-O e5 10. Nh4 Kh7 11. f4 Ng4 12. Nxg6 Nxe3 13. Nxf8+ Qxf8 14. Qh5 Nxf1 15. Bxf7 Ne3 16. Nd2 Bd7 17. f5 Ne7 18. Re1 N3xf5 19. exf5 Bxf5 20. Rf1 Bxd3 21. Rf2 Qd8 22. Nf3 Ng6 23. g3 Qd7 24. h4 Nf8 25. Ng5+ Kh8 26. Bd5 Qe8 27. Nf7+ Kh7 28. Ng5+ Kh8 29. Nf7+ Kh7 30. Qd1 Bg6 31. Nxd6 Qd7 32. h5 Bxh5 33. Be4+ Bg6 34. Rf7 Qh3 35. Qf3 Rd8 36. Bxg6+ Kxg6 37. Rxg7+ Kxg7 38. Qf7+ Kh8 39. Qf6+ Kh7 40. Qe7+ Kg8 41. Qf7+ Kh8 42. Qf6+ Kg8 1/2-1/2

[Event "Sparkassen-Open A"]
[Site "Heusenstamm, Martinsee"]
[Date "2025.11.20"]
[Round "1.101"]
[White "Spelleken, Mark"]
[Black "Mukazhanov, Mansur"]
[Result "1/2-1/2"]
[WhiteElo "1745"]
[BlackElo "2007"]
[PlyCount "84"]
[EventDate "2025.11.20"]
[WhiteTeam "SC Somborn 1933"]
[BlackTeam "SG Trier 1877 e.V."]

1. d4 Nf6 2. c4 d6 3. Nf3 g6 4. Bg5 Bg7 5. Nc3 Bf5 6. e3 O-O 7. Bd3 Nc6 8. Bxf5 gxf5 9. Qb1 Qd7 10. h4 e5 11. d5 Ne7 12. Rg1 Rae8 13. e4 Nxe4 14. Nxe4 fxe4 15. Nd2 f6 16. Be3 f5 17. Bg5 Ng6 18. g4 h6 19. gxf5 Qxf5 20. Be3 Nxh4 21. Kd1 Qh5+ 22. Kc2 Nf5 23. Qe1 c6 24. dxc6 bxc6 25. Nxe4 Nd4+ 26. Bxd4 exd4 27. Rg3 Qf5 28. f3 d5 29. Qg1 Rf7 30. Qxd4 Kh8 31. Rxg7 Rxg7 32. Rg1 Ree7 33. cxd5 cxd5 34. Rh1 dxe4 35. Rxh6+ Kg8 36. Qd8+ Qf8 37. Rh8+ Kxh8 38. Qxf8+ Kh7 39. Qf5+ Rg6 40. fxe4 Kg7 41. Kd3 Rb6 42. Qd5 Rbe6 1/2-1/2

[Event "Sparkassen-Open A"]
[Site "Heusenstamm, Martinsee"]
[Date "2025.11.20"]
[Round "1.102"]
[White "Mandalka, Justus"]
[Black "Mellinghoff, Arthur"]
[Result "1-0"]
[WhiteElo "2006"]
[BlackElo "1763"]
[PlyCount "59"]
[EventDate "2025.11.20"]
[WhiteTeam "SK Bad Homburg 1927"]
[BlackTeam "Aachen"]

1. e4 c5 2. Nf3 e6 3. d4 cxd4 4. Nxd4 a6 5. Nc3 Qc7 6. Be3 Bb4 7. Be2 Bxc3+ 8. bxc3 Qxc3+ 9. Kf1 Nf6 10. Bf3 Nc6 11. Nxc6 bxc6 12. Bd4 Qa5 13. e5 Nd5 14. c4 Ne7 15. Qb3 O-O 16. Bc3 Qc7 17. Qa3 Ng6 18. Re1 Bb7 19. Ba5 Qb8 20. Bb4 Re8 21. Bd6 Qd8 22. h4 f6 23. Bh5 fxe5 24. Bxg6 hxg6 25. Qg3 Qf6 26. Bxe5 Qf7 27. h5 gxh5 28. Rxh5 d6 29. Bxg7 Re7 30. Rh8# 1-0

[Event "Sparkassen-Open A"]
[Site "Heusenstamm, Martinsee"]
[Date "2025.11.21"]
[Round "2.8"]
[White "Stephanblome, Felix"]
[Black "Mastiuk, Ivan"]
[Result "0-1"]
[WhiteElo "2102"]
[BlackElo "1828"]
[PlyCount "64"]
[EventDate "2025.11.20"]
[WhiteTeam "SV 1934 Ffm-Griesheim (V)"]
[BlackTeam "SK 1858 Gießen"]

1. d4 d5 2. c4 e6 3. Nc3 c6 4. Nf3 dxc4 5. a4 Bb4 6. Bd2 a5 7. e3 b5 8. axb5 Bxc3 9. Bxc3 cxb5 10. b3 Bb7 11. bxc4 b4 12. Bd2 Nf6 13. Bd3 O-O 14. O-O Nbd7 15. Qe2 Qc7 16. e4 e5 17. Nxe5 Nxe5 18. dxe5 Qxe5 19. f4 Qe7 20. Rae1 Nd7 21. e5 f5 22. g4 g6 23. gxf5 gxf5 24. Qh5 Qe6 25. Re3 Nc5 26. Kf2 Rad8 27. Qe2 Be4 28. Rg1+ Kh8 29. Bxe4 Nxe4+ 30. Rxe4 fxe4 31. Bc1 Rg8 32. Bb2 Qb6+ 0-1

[Event "Sparkassen-Open A"]
[Site "Heusenstamm, Martinsee"]
[Date "2025.11.21"]
[Round "2.17"]
[White "Heimrath, Reiner"]
[Black "Mandalka, Justus"]
[Result "1/2-1/2"]
[WhiteElo "2149"]
[BlackElo "2006"]
[PlyCount "81"]
[EventDate "2025.11.20"]
[WhiteTeam "SC Noris-Tarrasch Nürnberg 1873"]
[BlackTeam "SK Bad Homburg 1927"]

1. e4 c5 2. Nc3 Nc6 3. g3 g6 4. h4 h5 5. Bg2 Bg7 6. Nge2 e6 7. O-O Nge7 8. Nf4 d6 9. Rb1 O-O 10. a3 b6 11. b4 Bb7 12. Na4 Qd7 13. d3 b5 14. Nb2 cxb4 15. axb4 Nxb4 16. c3 Na2 17. Ne2 Nxc3 18. Nxc3 Bxc3 19. d4 Rfc8 20. Bg5 Kg7 21. d5 exd5 22. exd5 Nf5 23. Nd3 a5 24. Nf4 Rc4 25. Bh3 Rxf4 26. Bxf4 b4 27. Rc1 a4 28. Rxc3 bxc3 29. Qd3 a3 30. Qxc3+ Kh7 31. Bc1 Bxd5 32. Bxa3 Rxa3 33. Qxa3 Qe6 34. Bg2 Bxg2 35. Kxg2 Nd4 36. Qd3 Qd5+ 37. f3 Qe5 38. Qc3 Qxg3+ 39. Kxg3 Ne2+ 40. Kf2 Nxc3 41. Rc1 1/2-1/2

[Event "Sparkassen-Open A"]
[Site "Heusenstamm, Martinsee"]
[Date "2025.11.21"]
[Round "2.18"]
[White "Burkhardt, Holger"]
[Black "Podat, Vladimir"]
[Result "0-1"]
[WhiteElo "2102"]
[BlackElo "2278"]
[PlyCount "96"]
[EventDate "2025.11.20"]
[WhiteTeam "SK Anderten"]
[BlackTeam "SC Untergrombach 46"]

1. e4 e5 2. Nf3 Nc6 3. Bb5 a6 4. Bxc6 dxc6 5. Nc3 f6 6. d4 exd4 7. Qxd4 Qxd4 8. Nxd4 Bd6 9. Be3 Ne7 10. O-O-O c5 11. Nde2 Ng6 12. Na4 c4 13. Nb6 cxb6 14. Rxd6 b5 15. Bb6 O-O 16. Rhd1 Re8 17. Rd8 Be6 18. Rxa8 Rxa8 19. Rd6 Re8 20. Nd4 Kf7 21. Kd2 Bc8 22. Rd8 Rxd8 23. Bxd8 Nf4 24. g3 Ne6 25. Nf5 Nxd8 26. Nd6+ Ke6 27. Nxc8 Nc6 28. Nb6 Ne7 29. Ke3 Kd6 30. Kd4 Nc6+ 31. Ke3 Nd4 32. c3 Nc6 33. b3 cxb3 34. axb3 Ne5 35. h3 a5 36. f4 Nd7 37. Nxd7 Kxd7 38. c4 a4 39. bxa4 bxa4 40. Kd4 Kd6 41. g4 a3 42. Kc3 Kc5 43. h4 a2 44. Kb2 Kxc4 45. g5 fxg5 46. hxg5 Kd4 47. f5 Ke5 48. Kxa2 h5 0-1

[Event "Sparkassen-Open A"]
[Site "Heusenstamm, Martinsee"]
[Date "2025.11.21"]
[Round "2.19"]
[White "Bentel, Robin"]
[Black "Wachsmann, Elmar"]
[Result "1-0"]
[WhiteElo "2243"]
[BlackElo "2062"]
[PlyCount "68"]
[EventDate "2025.11.20"]
[WhiteTeam "Schachfreunde Lieme e. V."]
[BlackTeam "SC Groß-Umstadt"]

1. d4 d5 2. c4 e6 3. Nf3 Nf6 4. Nc3 Be7 5. Bf4 O-O 6. e3 Nbd7 7. c5 Nh5 8. Bd3 Re8 9. Qc2 Nf8 10. Bg3 c6 11. b4 b6 12. Ne5 Bb7 13. b5 bxc5 14. bxc6 Bc8 15. Nxf7 Qa5 16. Ne5 cxd4 17. exd4 Bb4 18. Rc1 Ba6 19. O-O Nxg3 20. fxg3 Bxd3 21. Qxd3 Bd6 22. Nf7 Ba3 23. Rc2 Ng6 24. Nb5 Rf8 25. Nxa3 Rxf7 26. Rxf7 Kxf7 27. h4 Ne7 28. Nb5 Nf5 29. Rf2 Ke7 30. g4 Qe1+ 31. Rf1 Qe3+ 32. Qxe3 Nxe3 33. Rb1 a6 34. Nc7 Kd6 1-0

[Event "Sparkassen-Open A"]
[Site "Heusenstamm, Martinsee"]
[Date "2025.11.21"]
[Round "2.20"]
[White "Vranckx, Oscar"]
[Black "Mester, Philipp"]
[Result "1/2-1/2"]
[WhiteElo "2073"]
[BlackElo "2285"]
[PlyCount "65"]
[EventDate "2025.11.20"]
[WhiteTeam "Sfr.Mainz 1928"]
[BlackTeam "SVG CAISSA Kassel"]

1. e4 e5 2. Nf3 Nc6 3. Bc4 Nf6 4. d3 Be7 5. O-O O-O 6. c3 d5 7. exd5 Nxd5 8. Re1 Bg4 9. h3 Bh5 10. Nbd2 Kh8 11. Ne4 Nb6 12. Bb5 f6 13. Ng3 Be8 14. Nf5 a6 15. Bxc6 Bxc6 16. d4 Bd6 17. N3h4 g6 18. Nxd6 cxd6 19. Bh6 Rf7 20. dxe5 fxe5 21. Qg4 Nd5 22. Rad1 Qe7 23. Bg5 Qf8 24. Rd2 Nf6 25. Qb4 Nd5 26. Qg4 Re8 27. Qd1 Nf6 28. Rxd6 Kg7 29. Qd2 Kg8 30. Bxf6 Rxf6 31. Rd1 Rf4 32. g3 Rxh4 33. Rxc6 1/2-1/2

[Event "Sparkassen-Open A"]
[Site "Heusenstamm, Martinsee"]
[Date "2025.11.21"]
[Round "2.21"]
[White "Eilers, Stefan"]
[Black "Steinle, Carsten"]
[Result "1/2-1/2"]
[WhiteElo "2280"]
[BlackElo "2080"]
[PlyCount "57"]
[EventDate "2025.11.20"]
[WhiteTeam "SAbt SG 1945 Dietzenbach"]
[BlackTeam "Schachverein Ahlen 1954 e. V."]

1. d4 e6 2. Nf3 Nf6 3. g3 b6 4. Bg2 Bb7 5. c4 Bb4+ 6. Bd2 Qe7 7. O-O O-O 8. Be3 d5 9. Qc2 Nbd7 10. Ne5 Bd6 11. Nxd7 Nxd7 12. Nc3 c6 13. b3 Rac8 14. cxd5 cxd5 15. Qd3 Nb8 16. Nb5 Ba6 17. a4 Nc6 18. Bd2 Nb4 19. Bxb4 Bxb4 20. Rfc1 Qd7 21. Bf1 Rxc1 22. Rxc1 Rc8 23. Rxc8+ Bxc8 24. e3 a6 25. Nc3 Bb7 26. Na2 Bd6 27. Qc2 Qc8 28. Qxc8+ Bxc8 29. Bd3 1/2-1/2

[Event "Sparkassen-Open A"]
[Site "Heusenstamm, Martinsee"]
[Date "2025.11.21"]
[Round "2.22"]
[White "Lutterbach, Jakob"]
[Black "Baranyai-Molnar, Adam"]
[Result "0-1"]
[WhiteElo "2055"]
[BlackElo "2227"]
[PlyCount "30"]
[EventDate "2025.11.20"]
[WhiteTeam "SK Bingen"]
[BlackTeam "SF Neuberg"]

1. c4 e5 2. Nc3 Nf6 3. Nf3 e4 4. Ng5 c6 5. d3 exd3 6. Qxd3 Na6 7. Nge4 Nb4 8. Qb1 d5 9. Nxf6+ Qxf6 10. a3 Bc5 11. axb4 Qxf2+ 12. Kd1 Bf5 13. Qa2 dxc4 14. bxc5 O-O-O+ 15. Bd2 Rxd2+ 0-1

[Event "Sparkassen-Open A"]
[Site "Heusenstamm, Martinsee"]
[Date "2025.11.21"]
[Round "2.23"]
[White "Wachsmann, Dietmar"]
[Black "Papadopoulos, Ioannis"]
[Result "1/2-1/2"]
[WhiteElo "2012"]
[BlackElo "2240"]
[PlyCount "51"]
[EventDate "2025.11.20"]
[WhiteTeam "SC Groß-Umstadt"]
[BlackTeam "SV Oberursel"]

1. e4 c5 2. Nf3 e6 3. d4 cxd4 4. Nxd4 Nc6 5. Nc3 Qc7 6. Be3 a6 7. Qf3 Nf6 8. O-O-O Ne5 9. Qg3 b5 10. Bf4 d6 11. Bxb5+ axb5 12. Ndxb5 Qb8 13. Rxd6 Nh5 14. Qg5 Bxd6 15. Nxd6+ Qxd6 16. Bxe5 Ra5 17. Nd5 Qd7 18. Bxg7 Rg8 19. Qxh5 exd5 20. Qxh7 Rxg7 21. Qh8+ Ke7 22. Qxg7 Rxa2 23. Qe5+ Kf8 24. Qh8+ Ke7 25. Qe5+ Kf8 26. Qh8+ 1/2-1/2

[Event "Sparkassen-Open A"]
[Site "Heusenstamm, Martinsee"]
[Date "2025.11.21"]
[Round "2.24"]
[White "Solonar, Stefan"]
[Black "Finke, Kelsie Josefine"]
[Result "1/2-1/2"]
[WhiteElo "2250"]
[BlackElo "2070"]
[PlyCount "92"]
[EventDate "2025.11.20"]
[WhiteTeam "SC Heusenstamm"]
[BlackTeam "SC Garching 1980 e.V."]

1. Nf3 d5 2. d4 Nf6 3. c4 dxc4 4. Nc3 a6 5. a4 Nc6 6. e4 Bg4 7. Be3 e5 8. d5 Na5 9. Be2 Bb4 10. Nd2 Bxe2 11. Qxe2 O-O 12. O-O c6 13. dxc6 Nxc6 14. Nxc4 Bxc3 15. bxc3 Qe7 16. Nb6 Rad8 17. Bg5 Qe6 18. Rab1 Rd6 19. Bxf6 gxf6 20. Nd5 Ne7 21. c4 Nxd5 22. cxd5 Qd7 23. Rb3 Kh8 24. Rfb1 Qxa4 25. Rxb7 f5 26. exf5 Rxd5 27. R7b4 Qd7 28. Qh5 Rd8 29. h3 Rd1+ 30. Kh2 Rxb1 31. Rxb1 e4 32. Qh4 Qd6+ 33. Kg1 Re8 34. Rb7 Qd1+ 35. Kh2 Qd6+ 36. g3 Qd5 37. Qf6+ Kg8 38. Qh6 Qxf5 39. Qe3 Re6 40. Qd4 Qf6 41. Qe3 Qe5 42. Rd7 Rf6 43. Kg2 Kg7 44. Rd4 Re6 45. Rd8 Qf6 46. Rd4 Qe5 1/2-1/2

[Event "Sparkassen-Open A"]
[Site "Heusenstamm, Martinsee"]
[Date "2025.11.21"]
[Round "2.25"]
[White "Sreeramulu, Aarush"]
[Black "Schmitzer, Klaus"]
[Result "0-1"]
[WhiteElo "2064"]
[BlackElo "2230"]
[PlyCount "70"]
[EventDate "2025.11.20"]
[WhiteTeam "SK Marburg 1931/72"]
[BlackTeam "SK Münster 32 e. V."]

1. d4 e6 2. c4 b6 3. e4 Bb7 4. Bd3 Bb4+ 5. Bd2 a5 6. d5 Na6 7. a3 Bxd2+ 8. Qxd2 Ne7 9. Nc3 O-O 10. Nge2 f5 11. f3 Nc5 12. Bc2 fxe4 13. fxe4 Ng6 14. O-O-O Ne5 15. Qd4 Ng4 16. Rde1 e5 17. Qd2 Nf2 18. Ng3 Nxh1 19. Rxh1 d6 20. Kb1 a4 21. Qe2 Bc8 22. Nb5 Bd7 23. Nc3 Rf6 24. Nd1 Qf8 25. Nh5 Rf7 26. Qe3 b5 27. cxb5 Bxb5 28. Qg5 g6 29. Ne3 Kh8 30. Ng3 Qd8 31. Qh6 Qf6 32. Ng4 Qf4 33. Qh4 Raf8 34. Rd1 Nb3 35. Qh3 Bd7 0-1

[Event "Sparkassen-Open A"]
[Site "Heusenstamm, Martinsee"]
[Date "2025.11.21"]
[Round "2.26"]
[White "Helmer, Jan"]
[Black "Waffenschmidt, Joachim"]
[Result "0-1"]
[WhiteElo "2239"]
[BlackElo "2024"]
[PlyCount "138"]
[EventDate "2025.11.20"]
[WhiteTeam "HSK Lister Turm"]
[BlackTeam "SV 1920 Hofheim"]

1. d4 d5 2. c4 c6 3. Nf3 Nf6 4. e3 e6 5. Nbd2 Nbd7 6. Bd3 Bd6 7. O-O O-O 8. e4 dxe4 9. Nxe4 Nxe4 10. Bxe4 e5 11. dxe5 Nxe5 12. Nxe5 Bxe5 13. Bxh7+ Kxh7 14. Qh5+ Kg8 15. Qxe5 Re8 16. Qc3 Bf5 17. Be3 Qd3 18. Qb4 b6 19. Rad1 Qe4 20. Rfe1 c5 21. Qc3 Qg4 22. h3 Qg6 23. Bf4 Rad8 24. Kh2 Kh7 25. Qg3 Qxg3+ 26. Kxg3 Rxe1 27. Rxd8 Re2 28. Bd2 Bb1 29. a4 Ba2 30. Bc3 Re7 31. a5 Bxc4 32. Rc8 Rb7 33. f4 Be6 34. Rc6 Kg8 35. Kf2 Kf8 36. a6 Rd7 37. Rc8+ Ke7 38. Rg8 g6 39. g4 Bc4 40. h4 Bxa6 41. h5 gxh5 42. gxh5 Bd3 43. h6 f6 44. Rh8 b5 45. h7 Kd6 46. Bxf6 Bxh7 47. Ke3 Kd5 48. Be5 Kc4 49. Rf8 Rd3+ 50. Ke2 a5 51. Rf7 Be4 52. Ra7 a4 53. Ra5 Bf5 54. Ra8 Bg4+ 55. Kf2 Kb3 56. Ra5 Kb4 57. Ra7 c4 58. Rb7 Rd5 59. Bc3+ Kb3 60. Ra7 Rd3 61. Be5 Bf5 62. Rb7 b4 63. Rb6 a3 64. bxa3 Kxa3 65. Ra6+ Kb3 66. Rb6 c3 67. Bd6 Rxd6 68. Rxd6 c2 69. Rc6 Kb2 0-1

[Event "Sparkassen-Open A"]
[Site "Heusenstamm, Martinsee"]
[Date "2025.11.21"]
[Round "2.27"]
[White "Reitz, Philipp"]
[Black "Ollenberger, Roland"]
[Result "1-0"]
[WhiteElo "2046"]
[BlackElo "2216"]
[PlyCount "115"]
[EventDate "2025.11.20"]
[WhiteTeam "VfR-SC Koblenz"]
[BlackTeam "SV Worms 1878"]

1. e4 c5 2. Nc3 Nc6 3. Bb5 g6 4. Bxc6 bxc6 5. f4 Bg7 6. Nf3 Nh6 7. d3 Rb8 8. O-O f5 9. e5 O-O 10. Na4 d6 11. Qe2 Qa5 12. b3 Nf7 13. Bd2 Qc7 14. Rae1 Rb7 15. c4 Nd8 16. Qf2 Ne6 17. Qh4 Qd8 18. Bc3 h6 19. Qg3 Kh7 20. Re2 Qe8 21. Rfe1 Qf7 22. h4 Rc7 23. Qh2 Bd7 24. g3 Rcc8 25. Qh3 Rfe8 26. Rh2 Kg8 27. Qf1 Rcd8 28. Ba5 Rc8 29. Bc3 Rf8 30. Qh3 Bh8 31. Rhe2 Rce8 32. Bb2 Bc8 33. Qg2 Rd8 34. Bc3 Rfe8 35. Qf2 Bb7 36. Re3 Ba8 37. Ba5 Rc8 38. Bc3 Bg7 39. R3e2 Kf8 40. Bb2 Rcd8 41. Bc3 Kg8 42. Ba5 Rc8 43. Bc3 Bb7 44. Qe3 Ba8 45. Qf2 Kh7 46. Qh2 Nd4 47. Bxd4 cxd4 48. c5 dxc5 49. e6 Qf8 50. Nxc5 Red8 51. h5 Rd5 52. hxg6+ Kxg6 53. Ne5+ Kh7 54. Ncd7 Qg8 55. Nf7 c5 56. Qh5 Rd8 57. Nde5 Rxe5 58. Rxe5 1-0

[Event "Sparkassen-Open A"]
[Site "Heusenstamm, Martinsee"]
[Date "2025.11.21"]
[Round "2.28"]
[White "Özdemir, Ali Özden"]
[Black "Geltz, Noah"]
[Result "1/2-1/2"]
[WhiteElo "2049"]
[BlackElo "2224"]
[PlyCount "95"]
[EventDate "2025.11.20"]
[WhiteTeam "SK Langen"]
[BlackTeam "TSV Schönaich"]

1. e4 c6 2. d3 d5 3. Nd2 e5 4. Ngf3 Bd6 5. d4 exd4 6. exd5 cxd5 7. Nxd4 Nf6 8. Be2 O-O 9. N2b3 h6 10. O-O a6 11. Bf3 Bc7 12. Re1 Nbd7 13. Nf5 Ne5 14. Nbd4 Ne4 15. Be3 Re8 16. c3 Qf6 17. Ng3 Nxf3+ 18. Qxf3 Qg6 19. Qd1 Bd7 20. Qb3 Qd6 21. Rad1 b5 22. Nde2 Nf6 23. Bf4 Qb6 24. Bxc7 Qxc7 25. Nd4 g6 26. Nf1 Kg7 27. Ne3 Rad8 28. Nf3 Bc6 29. Qb4 h5 30. Qc5 Ne4 31. Qd4+ Kg8 32. Nc2 Re6 33. Nb4 Bb7 34. Nd3 Rde8 35. Nb4 Rd8 36. a3 Rdd6 37. Nd3 Rd8 38. Nf4 Re7 39. Nh4 Rd6 40. Nxh5 gxh5 41. Nf5 Rf6 42. Nxe7+ Qxe7 43. Rd3 Re6 44. f3 Ng5 45. Rxe6 Nxe6 46. Qe5 Qg5 47. Qxg5+ Nxg5 48. Kf2 1/2-1/2

[Event "Sparkassen-Open A"]
[Site "Heusenstamm, Martinsee"]
[Date "2025.11.21"]
[Round "2.29"]
[White "Hoppstädter, Daniel"]
[Black "Heindrich, Mark"]
[Result "1-0"]
[WhiteElo "2214"]
[BlackElo "2038"]
[PlyCount "87"]
[EventDate "2025.11.20"]
[WhiteTeam "SV 1926 Riegelsberg"]
[BlackTeam "SAbt TuS Dotzheim"]

1. d4 Nf6 2. Bg5 b6 3. Nf3 Bb7 4. Nbd2 g6 5. c3 Bg7 6. Qc2 d5 7. e3 Nbd7 8. Bd3 c5 9. O-O c4 10. Be2 O-O 11. h3 Rc8 12. b3 cxb3 13. axb3 a5 14. Bf4 Re8 15. Bh2 e6 16. Qb2 Qe7 17. Rfc1 Ra8 18. b4 axb4 19. cxb4 Rxa1 20. Rxa1 Ra8 21. Rxa8+ Bxa8 22. Qa1 Qd8 23. Qa7 Qc8 24. Ba6 Qe8 25. Bc7 Bf8 26. b5 Ne4 27. Nb3 Bd6 28. Bxd6 Nxd6 29. Qc7 Nc4 30. Nbd2 Nxd2 31. Nxd2 f6 32. Bc8 Nf8 33. Qb8 Bc6 34. bxc6 Qxc6 35. Kh2 h5 36. Nf3 g5 37. h4 g4 38. Ng1 b5 39. Ne2 b4 40. Nf4 b3 41. Bxe6+ Kg7 42. Bxd5 Qc2 43. Qb7+ Kh6 44. Qf7 1-0

[Event "Sparkassen-Open A"]
[Site "Heusenstamm, Martinsee"]
[Date "2025.11.21"]
[Round "2.30"]
[White "Wilhelm, Jochen"]
[Black "Poysti, Nathanael"]
[Result "1-0"]
[WhiteElo "2031"]
[BlackElo "2207"]
[PlyCount "74"]
[EventDate "2025.11.20"]
[WhiteTeam "SC 1970 Lorsch"]
[BlackTeam "Buenos Aires"]

1. e4 c5 2. Nf3 d6 3. Bb5+ Nd7 4. O-O a6 5. Bd3 Ngf6 6. Re1 b5 7. c4 Ne5 8. Bf1 Nxc4 9. a4 Bd7 10. d4 cxd4 11. Nxd4 e5 12. axb5 axb5 13. Rxa8 Qxa8 14. b3 exd4 15. bxc4 b4 16. Qxd4 Be7 17. Bf4 Qc6 18. e5 dxe5 19. Qxe5 Be6 20. Qb8+ Qc8 21. Qb5+ Nd7 22. Nd2 O-O 23. Nb3 Re8 24. Nd4 Nf8 25. Nc6 Ng6 26. Nxe7+ Rxe7 27. Qxb4 Rb7 28. Qd2 Nxf4 29. Qxf4 Rc7 30. h4 h6 31. Re4 Rd7 32. Rd4 Ra7 33. Qd2 Rd7 34. Rxd7 Bxd7 35. Qd4 Be6 36. Bd3 Kf8 37. Qd6+ Kg8 1-0

[Event "Sparkassen-Open A"]
[Site "Heusenstamm, Martinsee"]
[Date "2025.11.21"]
[Round "2.31"]
[White "Woestmann, Ulrich"]
[Black "Kupriyanov, Daniel"]
[Result "0-1"]
[WhiteElo "2042"]
[BlackElo "2197"]
[PlyCount "40"]
[EventDate "2025.11.20"]
[WhiteTeam "SV Ahlen 1954 e. V."]
[BlackTeam "SVKT Bad Camberg 2025"]

1. e4 c5 2. Nc3 Nc6 3. g3 g6 4. Bg2 Bg7 5. d3 d6 6. f4 b6 7. Nf3 Bb7 8. O-O e6 9. f5 Nf6 10. fxe6 fxe6 11. Ng5 Qe7 12. Bh3 Nd4 13. Be3 h6 14. Nf3 Nxf3+ 15. Rxf3 O-O 16. Qd2 Kh7 17. Re1 Nxe4 18. Nxe4 Rxf3 19. Bf4 Rf8 20. c3 R8xf4 0-1

[Event "Sparkassen-Open A"]
[Site "Heusenstamm, Martinsee"]
[Date "2025.11.21"]
[Round "2.32"]
[White "Commercon, Simon"]
[Black "Eichschmied, Patrick"]
[Result "1/2-1/2"]
[WhiteElo "2198"]
[BlackElo "1998"]
[PlyCount "97"]
[EventDate "2025.11.20"]
[WhiteTeam "SK Kaiserslautern 1905"]
[BlackTeam "MTV Ingolstadt"]

1. d4 Nf6 2. Nf3 e6 3. g3 d5 4. Bg2 b5 5. O-O Bb7 6. b3 Nbd7 7. Bb2 Be7 8. Ne5 O-O 9. c4 bxc4 10. bxc4 c5 11. Nxd7 Qxd7 12. dxc5 Rfc8 13. Nd2 dxc4 14. Nxc4 Qxd1 15. Rfxd1 Bxg2 16. Kxg2 Rxc5 17. Ne3 Rac8 18. Kf3 Kf8 19. Rab1 Ra5 20. Bxf6 Bxf6 21. Rb7 Rxa2 22. Rdd7 a5 23. Rxf7+ Kg8 24. Ng4 Bc3 25. Rfc7 Rxc7 26. Rxc7 Ba1 27. Ne3 Kf8 28. Rb7 a4 29. Nc4 a3 30. Ra7 Bb2 31. Ke4 Ra1 32. f4 Rh1 33. Nxa3 Bxa3 34. Rxa3 Rxh2 35. e3 Rg2 36. Kf3 Rb2 37. Ra7 Rb3 38. g4 Rb4 39. g5 Rc4 40. e4 Rc3+ 41. Kg4 Rc4 42. Kf3 Rc3+ 43. Kg4 Rc4 44. e5 Rb4 45. g6 hxg6 46. Kg5 Rc4 47. Ra8+ Kf7 48. Ra7+ Kf8 49. Ra8+ 1/2-1/2

[Event "Sparkassen-Open A"]
[Site "Heusenstamm, Martinsee"]
[Date "2025.11.21"]
[Round "2.33"]
[White "Steigleder, Maximilian"]
[Black "Perske, Paul"]
[Result "1-0"]
[WhiteElo "2037"]
[BlackElo "2184"]
[PlyCount "27"]
[EventDate "2025.11.20"]
[WhiteTeam "Sfr.1932 Kelkheim"]
[BlackTeam "Sfr.Heidesheim"]

1. e4 e5 2. Nc3 Nf6 3. f4 d5 4. fxe5 Nxe4 5. Qf3 f5 6. d3 Nxc3 7. bxc3 d4 8. Qg3 dxc3 9. Be2 Nc6 10. Bh5+ g6 11. Bxg6+ hxg6 12. Qxg6+ Kd7 13. e6+ Kd6 14. e7+ 1-0

[Event "Sparkassen-Open A"]
[Site "Heusenstamm, Martinsee"]
[Date "2025.11.21"]
[Round "2.34"]
[White "Musiienko, Tymur"]
[Black "Kutzner, Joachim"]
[Result "1-0"]
[WhiteElo "2193"]
[BlackElo "1999"]
[PlyCount "68"]
[EventDate "2025.11.20"]
[WhiteTeam "Wiesbadener SV 1885"]
[BlackTeam "SC Erkrath 1973"]

1. e4 c5 2. Nf3 e6 3. d4 cxd4 4. Nxd4 Nf6 5. Nc3 Nc6 6. a3 a6 7. Nxc6 bxc6 8. e5 Nd5 9. Ne4 Qc7 10. f4 Qa7 11. c4 Ne3 12. Qd3 Nxf1 13. Rxf1 c5 14. Be3 a5 15. a4 Rb8 16. O-O-O Qb7 17. Rf2 Qc6 18. Qc2 Rb4 19. b3 Qb7 20. Kb2 Rxb3+ 21. Qxb3 Qxe4 22. Qd3 Qb7+ 23. Ka2 Be7 24. g4 O-O 25. f5 Qc6 26. f6 Qxa4+ 27. Kb1 gxf6 28. exf6 Bxf6 29. Rxf6 Ba6 30. Bf4 Bxc4 31. Qd2 Ba2+ 32. Kc1 Bb3 33. Be5 Rb8 34. Qg5+ Kf8 1-0

[Event "Sparkassen-Open A"]
[Site "Heusenstamm, Martinsee"]
[Date "2025.11.21"]
[Round "2.35"]
[White "Mährlein, Christoph"]
[Black "Schwarz, David"]
[Result "0-1"]
[WhiteElo "2024"]
[BlackElo "2123"]
[PlyCount "110"]
[EventDate "2025.11.20"]
[WhiteTeam "SC Pforzheim 1906"]
[BlackTeam "SF Birkenfeld"]

1. Nf3 d5 2. c4 d4 3. e3 Nc6 4. exd4 Nxd4 5. Nxd4 Qxd4 6. Nc3 e5 7. d3 Be6 8. Be2 c6 9. O-O Nf6 10. Be3 Qh4 11. f4 Bd6 12. Ne4 Nxe4 13. dxe4 exf4 14. Bf2 Qe7 15. Qd4 f6 16. Rad1 Be5 17. Qd2 O-O 18. b3 b6 19. c5 Qc7 20. Qc2 b5 21. Rd3 a5 22. Rfd1 a4 23. b4 a3 24. Rd6 Bxd6 25. cxd6 Qd7 26. Bc5 Rfe8 27. Rf1 Qf7 28. Bb6 Reb8 29. Bc7 Qd7 30. Rc1 Rf8 31. Bf3 Bc4 32. Be2 Be6 33. Bf3 Ra4 34. Qd2 Bc4 35. Bd1 Ra7 36. Bb6 Rb7 37. Bc5 Qe6 38. Rc3 Ra8 39. Rb3 Qxe4 40. Bf3 Qe8 41. Rb1 Qd7 42. Qxf4 Bxa2 43. Ra1 Bc4 44. Qe4 Bd5 45. Qe3 Bxf3 46. Qxf3 a2 47. Qe4 Rbb8 48. Qc2 Qe6 49. Qd2 Re8 50. Bb6 Qe5 51. Rxa2 Rxa2 52. Qxa2+ Kh8 53. Qd2 Qe1+ 54. Qxe1 Rxe1+ 55. Kf2 Rd1 0-1

[Event "Sparkassen-Open A"]
[Site "Heusenstamm, Martinsee"]
[Date "2025.11.21"]
[Round "2.36"]
[White "Kersten, Uwe"]
[Black "Calvi, Stefan"]
[Result "1-0"]
[WhiteElo "2178"]
[BlackElo "2008"]
[PlyCount "81"]
[EventDate "2025.11.20"]
[WhiteTeam "Kasseler SK 1876"]
[BlackTeam "SV Oberursel"]

1. e4 c5 2. Nf3 Nc6 3. Bb5 g6 4. Bxc6 dxc6 5. d3 Qc7 6. h3 e5 7. Be3 Nf6 8. O-O Nd7 9. Qd2 Bg7 10. Nc3 b6 11. Bh6 O-O 12. Nh2 f6 13. Bxg7 Kxg7 14. Ne2 Rf7 15. Kh1 Nf8 16. f4 exf4 17. Rxf4 Ne6 18. Rf2 Nd4 19. Ng1 Bd7 20. c3 Ne6 21. Ng4 g5 22. Ne2 h5 23. Ne3 Nf8 24. Raf1 Ng6 25. d4 Raf8 26. Qd3 cxd4 27. cxd4 Nh4 28. Qa3 Bc8 29. Qd3 Ng6 30. Ng3 Rh8 31. Ngf5+ Bxf5 32. Nxf5+ Kh7 33. Qd1 Kg8 34. e5 Nf4 35. Rxf4 gxf4 36. e6 Rg7 37. d5 cxd5 38. Qxd5 Qe5 39. e7+ Qxd5 40. e8=Q+ Kh7 41. Qxh5+ 1-0

[Event "Sparkassen-Open A"]
[Site "Heusenstamm, Martinsee"]
[Date "2025.11.21"]
[Round "2.37"]
[White "Junker, Christian"]
[Black "Förster, Erik"]
[Result "0-1"]
[WhiteElo "2008"]
[BlackElo "2167"]
[PlyCount "64"]
[EventDate "2025.11.20"]
[WhiteTeam "SV 1926 Neu-Isenburg"]
[BlackTeam "Sfr.Heidesheim"]

1. Nf3 d5 2. g3 g6 3. d3 Bg7 4. Nbd2 e5 5. e4 Ne7 6. Bg2 Nbc6 7. O-O O-O 8. c3 a5 9. a4 h6 10. Re1 Re8 11. exd5 Nxd5 12. Nc4 b6 13. Qb3 Bb7 14. h4 Qd7 15. Kh2 Qf5 16. Re4 Rad8 17. g4 Qd7 18. g5 Nf4 19. Bxf4 exf4 20. Rae1 Rxe4 21. dxe4 hxg5 22. hxg5 Qd3 23. Nh4 Nd4 24. Qa2 Ne6 25. Nf3 Qc2 26. Kg1 Rd1 27. Na3 Qxa4 28. b3 Rxe1+ 29. Nxe1 Qd7 30. Nf3 Qd1+ 31. Kh2 Bxe4 32. Nh4 f3 0-1